Gia phả khảo luận thực hành

保存先:
書誌詳細
第一著者: Nguyễn Đức Dụ
フォーマット: 図書
言語:Undetermined
出版事項: Hà Nội Văn hóa 1992
主題:
タグ: タグ追加
タグなし, このレコードへの初めてのタグを付けませんか!
Thư viện lưu trữ: Trung tâm Học liệu Trường Đại học Cần Thơ
LEADER 00481nam a2200169Ia 4500
001 CTU_10556
008 210402s9999 xx 000 0 und d
082 |a 929.1 
082 |b D500 
100 |a Nguyễn Đức Dụ 
245 0 |a Gia phả khảo luận thực hành 
245 0 |c Nguyễn Đức Dụ, Dã Lan 
260 |a Hà Nội 
260 |b Văn hóa 
260 |c 1992 
650 |a genealogy 
980 |a Trung tâm Học liệu Trường Đại học Cần Thơ